000 00970nam a22002417a 4500
999 _c65138
_d65138
005 20240530110809.0
008 190115s2009 ua a g 000 0 ara d
017 _a2009/21196
_bمصر. دار الكتب
020 _a9789774796796
040 _aEG-CaGPL
_cEG-CaGPL
082 0 4 _221
_a792.028 /
_bم ط
100 1 _aموران ، فردريك
245 1 0 _aطرق الابداع المسرحى /
_cجمعها وقدم لها فردريك موران ؛ ترجمة سلوى لطفى ؛ مراجعة حمادة ابراهيم
250 _aط.1
260 _aالقاهرة :
_bوزارة الثقافة : مهرجان القاهرة الدولى للمسرح التجريبى،
_c2009.
300 _a242 ص. :
_bايض ؛
_c24 سم.
650 0 7 _2qrmak
_aالمسرح
651 _2qrmak
700 0 _aسلوى لطفى
_eمترجم
700 0 _aحمادة ابراهيم
_eمراجع
942 _2ddc
_cBK